Vertebrate biomechanics and evolution / (Record no. 18921)

000 -LEADER
fixed length control field 01011cam a22002417a 4500
020 ## - INTERNATIONAL STANDARD BOOK NUMBER
ISBN 1859962386 (hbk.)
040 ## - CATALOGING SOURCE
Transcribing agency UKM
082 04 - DEWEY DECIMAL CLASSIFICATION NUMBER
Classification number 596 DIS 2003 C154 Or.
245 00 - TITLE STATEMENT
Title Vertebrate biomechanics and evolution /
246 30 - VARYING FORM OF TITLE
Title proper/short title Biomechanics and evolution
260 ## - PUBLICATION, DISTRIBUTION, ETC. (IMPRINT)
Place of publication Oxford, UK :
Name of publisher BIOS Scientific ;
Place of publication New York :
Name of publisher Distributed exclusively in America by Springer Verlag,
Year of publication 2003.
300 ## - PHYSICAL DESCRIPTION
Number of Pages xi, 332 p. :
Other physical details ill. ;
Dimensions 24 cm.
500 ## - GENERAL NOTE
General note "The initial basis for this book was the organisation of a symposium 'Biomechanics and evolution' held at the University of Canterbury in 2001, sponsored by the Society for Experimental Biology (SEB). Only selected papers on vertebrates are presented in this book"--Pref.
650 #0 - SUBJECT ADDED ENTRY--TOPICAL TERM
Topical Term Vertebrates
650 #0 - SUBJECT ADDED ENTRY--TOPICAL TERM
Topical Term Biomechanics
650 #6 - SUBJECT ADDED ENTRY--TOPICAL TERM
Topical Term Vertébrés
650 #6 - SUBJECT ADDED ENTRY--TOPICAL TERM
Topical Term Biomécanique
700 1# - ADDED ENTRY--PERSONAL NAME
Personal name Bels, V. L.
700 1# - ADDED ENTRY--PERSONAL NAME
Personal name Gasc, Jean Pierre.
700 1# - ADDED ENTRY--PERSONAL NAME
Personal name Casinos, A.
856 42 - ELECTRONIC LOCATION AND ACCESS
Uniform Resource Identifier http://www.loc.gov/catdir/enhancements/fy0702/2006491393-d.html
942 ## - ADDED ENTRY ELEMENTS (KOHA)
Koha item type ADB
952 ## - LOCATION AND ITEM INFORMATION (KOHA)
Withdrawn status [LOCAL, KOHA] 0
Holdings
Koha item type Source of acquisition Lost status Permanent Location Current Location Date acquired Full call number
សៀវភៅភាសាអង់គ្លេសA39358 Library Block CLibrary Block C2020-02-11596 DIS 2003 C154 Or.
មជ្ឈមណ្ឌលឯការនៃសាកលវិទ្យាល័យភូមិន្ទកសិកម្មចំការដូង

Powered by Koha